000 00946nam a2200205Ia 4500
003 Ost
005 20260507075502.0
008 260507s9999||||xx |||||||||||||| ||und||
040 _cfsecg
041 _aara
082 _a658
100 _aالنجار، فريد
_eمؤلف
245 0 _aإدارة الأعمال الدولية والعالمية :
_bاستراتيجيات الشركات عابرة القارات:الدولية ومتعددة الجنسية والعالمية /
_c فريد النجار
260 _aالاسكندرية:
_bالدار الجامعية,
_c2007
300 _a477 صفحة؛
_bإيضاحات ؛
_c24 سم
504 _aببليوغرافيا:ص.451
520 _aمجتمع إدارة الأعمال العالمي،استراتيجيات الشركات العالمية ومتعددة الجنسية،إدارة الشركات العالمية
653 _aإدارة الأعمال
942 _cكتاب
999 _c44697
_d44697